Counties of Ontario (Map Quiz) Stats

 Plays Quiz not verified by Sporcle

Score 0/50 Timer 20:00
0 Plays Today
% Correct
Toronto
90.4%
Ottawa
86.2%
Niagara
84.4%
Greater Sudbury
82.1%
York
82.1%
Thunder Bay
81.1%
Sudbury
80.9%
Essex
80.3%
Hamilton
80.3%
Chatham- Kent
77.3%
Kenora
74%
Peel
73.8%
Simcoe
73.5%
Durham
73%
Middlesex
72.1%
Waterloo
72%
Bruce
69.5%
Grey
67.5%
Huron
66.8%
Rainy River
66.8%
Peterborough
66.5%
Prince Edward
66.3%
Halton
65.8%
Kawartha Lakes
64.3%
Norfolk
63.7%
% Correct
Lambton
63.5%
Wellington
63.2%
Muskoka
62.7%
Algoma
62.4%
Oxford
61%
Perth
60.7%
Elgin
60.5%
Renfrew
59.9%
Frontenac
59.7%
Northumberland
59.7%
Nipissing
58.9%
Leeds and Grenville
58.7%
Haldimand
58.5%
Haliburton
58.4%
Stormont, Dundas and Glengarry
58.4%
Brant
58%
Lennox and Addington
56.7%
Parry Sound
56.6%
Lanark
55.7%
Dufferin
55.2%
Manitoulin
52.7%
Hastings
52.2%
Cochrane
52.1%
Prescott and Russell
51.2%
Timiskaming
44.8%

You're not logged in!

Compare scores with friends on all Sporcle quizzes.
OR
Log In

Show Comments

Extras

Top Quizzes Today


Score Distribution

Your Account Isn't Verified!

In order to create a playlist on Sporcle, you need to verify the email address you used during registration. Go to your Sporcle Settings to finish the process.

Report this User

Report this user for behavior that violates our Community Guidelines.

Details: